Plop /

Guardado en:
Autor Principal: Pinedo, Rafael
Formato: Libro
Publicado: Buenos Aires : Interzona, 2013
Materias:
Etiquetas: Agregar Etiqueta
Sin Etiquetas, Sea el primero en etiquetar este registro!
LEADER 00738nam a22002655a 4500
001 CEM.cems014235
005 20140326103312.0
008 130507s2013##################000#0#####d
003 CEMS
020 |a 9789871920020 
082 0 4 |a A868.4 
100 1 |a Pinedo, Rafael 
245 1 0 |a Plop /  |c Rafael Pinedo 
260 |a Buenos Aires :  |b Interzona,  |c 2013 
300 |a 140 p. 
653 |a Literatura 
653 |a Literatura argentina 
653 |a Novelas 
653 |a Novelas argentinas 
653 |a Narrativa 
653 |a Narrativa argentina 
653 |a Literatura juvenil 
653 |a Novelas juveniles 
653 |a Ministerio de educación-colección literaria 
859 |a CEMS  |b BIB. CEMS - 11 de abril  |h A868.4  |i P653  |p 26848.14  |t Ej.1